Manual de procesos químicos en la industria

Bibliographic Details
Main Author: Austin, George T.
Format: Section = Libro
Language:Undetermined
Spanish
Published: México McGraw-Hill 1992
Subjects:
LEADER 00611nam a2200217Ia 4500
008 240829s9999 xx 000 0 und d
020 |a 970-10-0388-8 
040 |a BIBLIOTECA-RUSB/ Ref 660.284 A935 
041 |a spa 
082 |a Ref 660.284 A935 
100 1 |a Austin, George T. 
245 1 0 |a Manual de procesos químicos en la industria 
260 |a México  |b McGraw-Hill  |c 1992 
300 |a 997 p. :il. 
650 7 |a DIVERSOS PROCEDIMIENTOS DE FABRICACION 
650 7 |b  PROTECCION DEL MEDIO AMBIENTE 
650 7 |c  PRODUCTOS QUIMICOS 
650 7 |d  MANUALES 
942 |c BK  |2 ddc 
991 |a TEXTO 
999 |c 6238